000 00690nam a2200241Ia 4500
003 OSt
005 20220918214323.0
006 a|||||r|||| 00| 0
007 ta
008 220917b |||||||| |||| 00| 0 eng d
024 _a136,863
037 _cTextual
040 _aARTS
_cARTS
_beng
041 _2eng
_aeng
082 _aX9J.2750gY1:393.2.N6, K9
110 _aUnesco
245 0 _aImpact of communication on rural development
_b An investigation in Costa Rica and India ed by V R K Paramahamsa
260 _aNA
_bNA
_c1969
650 _aECONOMICS
700 _aUnesco
942 _hX9J.2750gY1:393.2.N6, K9
_cTEXL
_2CC
999 _c259951
_d259951